000 02351nam0a22005651 4500
001 RU\NLR\A1\26203
005 20260406133730.0
035 _a(NLR Aleph) 009680522
090 _a9699974
_c9699974
100 _a19990826d1787 a y0rusy50 ca
101 1 _arus
102 _aRU
200 1 _aКраткое руководство к физике,
_eДля употребления в народных училищах Российской империи
_fИзданное по высочайшему повелению царствующей императрицы Екатерины Вторыя.
_g[Перевели Толмачев и Зубков]
210 _aВ Санктпетербурге
_c[Тип. Брейткопфа]
_d1787
215 _a[8], 141 с.; 3 л. черт.
_d
316 _aОдин из экз. ЯИАМЗ деф.: отсутствует 3 л. черт.
_5ЯИАМЗ
321 1 _aСК XVIII 8539
620 _dСанкт-Петербург
700 1 _6z01700
_aЭберт
_bИ.Я.
_f1737-1805
_gИоганн Якоб
_4070
700 1 _6z01700
_aEbert
_bJ.J.
_gJohann Jakob
_4070
_7ba
702 0 _4400
_8rus
_7ca
_aЕкатерина
_cимператрица российская
_dII
_f1729-1796
_3RU\NLR\AUTH\772098
_9112115
702 1 _4610
_7ca
_8rus
_aБрейткопф
_bФ. И.
_f1749-1820
_gФедор Иванович
_9183064
_3RU\NLR\AUTH\770183115
702 1 _aТолмачев
_bМ.Е.
_gМихаил Евстафьевич
_4730
702 1 _aЗубков
_bС.
_gСемен
_4730
712 0 2 _aБрейткопф
_gФ.И.
_hТипография
_cСанкт-Петербург
_4610
801 0 _aRU
_bNLR
_c19990826
852 _aNLR
_j18.37.6.2
852 _aNLR
_j137/1123
852 _aNLR
_bРЗФ
_j18 в. 1/633
852 _aNLR
_bРЗФ
_j18 в. 1/633а
899 _aЗНБ СГУ
899 _aКУНБ
899 _aРГБ
899 _aЗНБ ВГУ
_y2 экз.
899 _aГБГИ
899 _aБАН
899 _aГПИБ
899 _aЯИАМЗ
_y2 экз.
899 _aТамбОУНБ
899 _aПГОКМ
_y2 экз.
899 _aМИКСП
899 _aНГОНБ
899 _aСОКМ
899 _aСамОУНБ
899 _aНБЛ КГУ
_y2 экз.
899 _aОренбургОУНБ
942 _cBOOK
980 _aNB
980 _aA1XVIIIv